| 000 | 01089nam a22002657a 4500 | ||
|---|---|---|---|
| 003 | OSt | ||
| 005 | 20250911153931.0 | ||
| 008 | 240214b ||||| |||| 00| 0 eng d | ||
| 040 | _c0 | ||
| 082 | _aDPer 621.317 Ie21 May 2022 v. 37 n. 5 | ||
| 100 |
_aRong, Cancan. _eauthor. _952404 |
||
| 245 |
_aHigh-efficiency orientation insensitive WPT systems using magnetic dipole coil for low-power devices / _cCancan Rong, Xiangrui He, Yingqin Zeng, Conghui Lu, and Minghai Liu. |
||
| 260 |
_aNew York ; _bThe Institute of Electrical and Electronics Engineers, Inc. , _cMay 2022. |
||
| 300 |
_aVolume 37, pages 4985-4990 : _billustration ; _c28 cm. |
||
| 500 | _aIEEE Transactions on Power Electronics, v. 37 n. 5, pages 4985-4990, May 2022. | ||
| 650 | 0 |
_aCouplings. _965918 |
|
| 650 | 0 |
_aMagnetic fields. _965935 |
|
| 650 | 0 |
_aTopology. _965877 |
|
| 700 |
_aRong, Cancan. _eauthor. _952404 |
||
| 700 |
_aHe, Xiangrui. _eauthor. _952405 |
||
| 700 |
_aZeng, Yingqin. _eauthor. _952406 |
||
| 700 |
_aLu, Conghui. _eauthor. _952407 |
||
| 700 |
_aLiu, Minghai. _eauthor. _952408 |
||
| 942 |
_2ddc _cPER |
||
| 999 |
_c19151 _d19151 |
||